El teatro en el siglo XVII (Record no. 144407)

MARC details
000 -LEADER
campo de control de longitud fija 00709nam a2200193 4500
001 - NÚMERO DE CONTROL
campo de control 144407
003 - IDENTIFICADOR DE NÚMERO DE CONTROL
campo de control ES-MaACL
007 - CAMPO FIJO DE DESCRIPCIÓN FÍSICA--INFORMACIÓN GENERAL
campo de control de longitud fija t|
008 - DATOS DE LONGITUD FIJA--INFORMACIÓN GENERAL
campo de control de longitud fija 070214s1982 sp r ||||1| spa d
100 1# - ENTRADA PRINCIPAL--NOMBRE DE PERSONA
Nombre de persona Sirera Turó, José Luis.
9 (RLIN) 106674
245 13 - MENCIÓN DEL TÍTULO
Título El teatro en el siglo XVII
Resto del título : el ciclo de Lope de Vega /
Mención de responsabilidad, etc. José Luis Sirera Turó ; con la colaboración de José Luis Canet Vallés.
260 ## - PUBLICACIÓN, DISTRIBUCIÓN, ETC.
Lugar de publicación, distribución, etc. Madrid :
Nombre del editor, distribuidor, etc. Playor,
Fecha de publicación, distribución, etc. 1982.
300 ## - DESCRIPCIÓN FÍSICA
Extensión 150 p. ;
Dimensiones 21 cm.
490 1# - MENCIÓN DE SERIE
Mención de serie Lectura crítica de la Literatura española ;
Designación de volumen o secuencia 9
700 1# - ENTRADA AGREGADA--NOMBRE PERSONAL
Nombre de persona Canet Vallés, José Luis.
9 (RLIN) 34491
830 0# - PUNTO DE ACCESO ADICIONAL DE SERIE-TÍTULO UNIFORME
Título uniforme Lectura crítica de la Literatura española ;
Designación de volumen o secuencia 9
9 (RLIN) 181039
852 ## - LOCALIZACIÓN
Ubicación ES-MaACL
Número de control de estantería L-8243
Sublocalización o colección R.108861
Holdings
Estatus retirado Estado de pérdida Estado de daño No para préstamo Biblioteca de origen Biblioteca actual Ubicación en estantería Fecha de adquisición Fuente de adquisición Total de préstamos Signatura topográfica completa Código de barras Visto por última vez Precio de reemplazo Tipo de ítem Koha
        Biblioteca del Ateneo de Madrid Biblioteca del Ateneo de Madrid Depósito 2 17/01/2008     L-8243 1150247 23/02/2023 23/02/2023 Libro impreso